Zwierzęta hodowane w gospodarstwie wiejskim - Statystyki

Ogólne statystyki
  • Ten quiz został rozwiązany 285 razy
  • Średni wynik to 6 z 6
Statystyki odpowiedzi
Odpowiedź % Poprawnych
krowa
99%
kura
95%
koń
92%
świnia
92%
owca
91%
koza
81%
Nie znaleziono quizów pasujących do podanych kryteriów
Rozkład punktacji
Procent ludzi z każdym wynikiem
Percentyl według liczby udzielonych odpowiedzi
Twoja historia wyników
Nie rozwiązałeś tego quizu